<?xml version="1.0" encoding="UTF-8"?>
<record
    xmlns:xsi="http://www.w3.org/2001/XMLSchema-instance"
    xsi:schemaLocation="http://www.loc.gov/MARC21/slim http://www.loc.gov/standards/marcxml/schema/MARC21slim.xsd"
    xmlns="http://www.loc.gov/MARC21/slim">

  <leader>01888nam a2200481   4500</leader>
  <datafield tag="999" ind1=" " ind2=" ">
    <subfield code="c">22977</subfield>
    <subfield code="d">22977</subfield>
  </datafield>
  <controlfield tag="001">vtls012018501</controlfield>
  <controlfield tag="005">20211029115804.0</controlfield>
  <controlfield tag="008">210317s2020    xo o   g      000 0dslo  </controlfield>
  <datafield tag="020" ind1=" " ind2=" ">
    <subfield code="a">9788089791170</subfield>
    <subfield code="q">(bro&#x17E;ovan&#xE9;)</subfield>
  </datafield>
  <datafield tag="040" ind1=" " ind2=" ">
    <subfield code="a">TTKJF</subfield>
    <subfield code="b">slo</subfield>
    <subfield code="d">TTKJF</subfield>
    <subfield code="e">rda</subfield>
    <subfield code="c">rda</subfield>
  </datafield>
  <datafield tag="041" ind1="0" ind2=" ">
    <subfield code="a">slo</subfield>
  </datafield>
  <datafield tag="044" ind1=" " ind2=" ">
    <subfield code="a">xo</subfield>
    <subfield code="c">SK</subfield>
  </datafield>
  <datafield tag="072" ind1=" " ind2="7">
    <subfield code="a">061.2</subfield>
    <subfield code="x">Mimovl&#xE1;dne organiz&#xE1;cie a kooper&#xE1;cia</subfield>
    <subfield code="2">konspekt</subfield>
  </datafield>
  <datafield tag="080" ind1=" " ind2=" ">
    <subfield code="a">061.2</subfield>
    <subfield code="2">2011</subfield>
  </datafield>
  <datafield tag="080" ind1=" " ind2=" ">
    <subfield code="a">334</subfield>
    <subfield code="2">2011</subfield>
  </datafield>
  <datafield tag="080" ind1=" " ind2=" ">
    <subfield code="a">343.851:343.35</subfield>
    <subfield code="2">2011</subfield>
  </datafield>
  <datafield tag="080" ind1=" " ind2=" ">
    <subfield code="a">(437.6)</subfield>
    <subfield code="2">2011</subfield>
  </datafield>
  <datafield tag="080" ind1=" " ind2=" ">
    <subfield code="a">(048.8:082)</subfield>
    <subfield code="2">2011</subfield>
  </datafield>
  <datafield tag="100" ind1="1" ind2=" ">
    <subfield code="a">Kostelansk&#xFD;, &#x13D;ubo&#x161;</subfield>
    <subfield code="4">aut</subfield>
    <subfield code="9">2188</subfield>
  </datafield>
  <datafield tag="245" ind1="1" ind2=" ">
    <subfield code="a">Moc korupcie</subfield>
    <subfield code="b">z&#xE1;kulisie n&#xE1;&#x161;ho boja za lep&#x161;ie Slovensko</subfield>
    <subfield code="c">&#x13D;ubo&#x161; Kostelansk&#xFD;, Michal Pi&#x161;ko, Gabriel &#x160;&#xED;po&#x161;</subfield>
  </datafield>
  <datafield tag="250" ind1=" " ind2=" ">
    <subfield code="a">1. vydanie</subfield>
  </datafield>
  <datafield tag="264" ind1=" " ind2="1">
    <subfield code="a">[Bratislava]</subfield>
    <subfield code="b">Transparency International Slovensko</subfield>
    <subfield code="c">2020</subfield>
  </datafield>
  <datafield tag="300" ind1=" " ind2=" ">
    <subfield code="a">207 str&#xE1;n</subfield>
    <subfield code="b">fotografie</subfield>
    <subfield code="c">24 cm</subfield>
  </datafield>
  <datafield tag="336" ind1=" " ind2=" ">
    <subfield code="a">text</subfield>
    <subfield code="b">txt</subfield>
    <subfield code="2">rdacontent</subfield>
  </datafield>
  <datafield tag="337" ind1=" " ind2=" ">
    <subfield code="a">bez m&#xE9;dia</subfield>
    <subfield code="b">n</subfield>
    <subfield code="2">rdamedia</subfield>
  </datafield>
  <datafield tag="338" ind1=" " ind2=" ">
    <subfield code="a">zv&#xE4;zok</subfield>
    <subfield code="b">nc</subfield>
    <subfield code="2">rdacarrier</subfield>
  </datafield>
  <datafield tag="500" ind1=" " ind2=" ">
    <subfield code="a">Obsahuje biografick&#xE9; &#xFA;daje niektor&#xFD;ch zakladate&#x13E;ov a spolupracovn&#xED;kov Transparency International Slovensko</subfield>
  </datafield>
  <datafield tag="610" ind1="1" ind2="0">
    <subfield code="a">Transparency International Slovensko</subfield>
    <subfield code="2">SNKPH</subfield>
    <subfield code="9">2189</subfield>
  </datafield>
  <datafield tag="648" ind1=" " ind2="7">
    <subfield code="a">od 1998</subfield>
    <subfield code="2">SNKPH</subfield>
    <subfield code="9">2190</subfield>
  </datafield>
  <datafield tag="650" ind1="0" ind2="7">
    <subfield code="a">mimovl&#xE1;dne organiz&#xE1;cie</subfield>
    <subfield code="2">SNKPH</subfield>
    <subfield code="9">2191</subfield>
  </datafield>
  <datafield tag="650" ind1="0" ind2="7">
    <subfield code="a">boj proti korupcii</subfield>
    <subfield code="2">SNKPH</subfield>
    <subfield code="9">2192</subfield>
  </datafield>
  <datafield tag="650" ind1="0" ind2="7">
    <subfield code="a">neziskov&#xE9; organiz&#xE1;cie</subfield>
    <subfield code="2">SNKPH</subfield>
    <subfield code="9">2193</subfield>
  </datafield>
  <datafield tag="650" ind1="0" ind2="7">
    <subfield code="a">Non-governmental institutions and organizations</subfield>
    <subfield code="2">SNKPHeng</subfield>
    <subfield code="9">2194</subfield>
  </datafield>
  <datafield tag="650" ind1="0" ind2="7">
    <subfield code="a">Prevention of corruption</subfield>
    <subfield code="2">SNKPHeng</subfield>
    <subfield code="9">2195</subfield>
  </datafield>
  <datafield tag="650" ind1="0" ind2="7">
    <subfield code="a">Nonprofit organizations</subfield>
    <subfield code="2">SNKPHeng</subfield>
    <subfield code="9">2196</subfield>
  </datafield>
  <datafield tag="651" ind1=" " ind2="7">
    <subfield code="a">Slovensko</subfield>
    <subfield code="2">SNKPH</subfield>
    <subfield code="9">1613</subfield>
  </datafield>
  <datafield tag="651" ind1=" " ind2="7">
    <subfield code="a">Slovakia</subfield>
    <subfield code="2">SNKPHeng</subfield>
    <subfield code="9">1614</subfield>
  </datafield>
  <datafield tag="655" ind1=" " ind2="7">
    <subfield code="a">kolekt&#xED;vne monografie</subfield>
    <subfield code="2">SNKPH</subfield>
    <subfield code="9">2197</subfield>
  </datafield>
  <datafield tag="655" ind1=" " ind2="7">
    <subfield code="a">Collective monographs</subfield>
    <subfield code="2">SNKPHeng</subfield>
    <subfield code="9">2198</subfield>
  </datafield>
  <datafield tag="700" ind1="1" ind2=" ">
    <subfield code="a">Pi&#x161;ko, Michal</subfield>
    <subfield code="4">aut</subfield>
    <subfield code="9">2199</subfield>
  </datafield>
  <datafield tag="700" ind1="1" ind2=" ">
    <subfield code="a">&#x160;&#xED;po&#x161;, Gabriel,</subfield>
    <subfield code="d">1974-</subfield>
    <subfield code="4">aut</subfield>
    <subfield code="9">2200</subfield>
  </datafield>
  <datafield tag="952" ind1=" " ind2=" ">
    <subfield code="0">0</subfield>
    <subfield code="1">0</subfield>
    <subfield code="2">udc</subfield>
    <subfield code="4">0</subfield>
    <subfield code="7">0</subfield>
    <subfield code="8">K</subfield>
    <subfield code="a">10000</subfield>
    <subfield code="b">10000</subfield>
    <subfield code="d">2021-10-29</subfield>
    <subfield code="i">21328</subfield>
    <subfield code="l">1</subfield>
    <subfield code="o">I1877</subfield>
    <subfield code="p">I1877</subfield>
    <subfield code="r">2022-12-15</subfield>
    <subfield code="s">2022-11-21</subfield>
    <subfield code="w">2021-10-29</subfield>
    <subfield code="y">OLDO</subfield>
  </datafield>
</record>
